Statistiken für Wer lügt? #3

Klicken Sie hier um das Quiz zu spielen!

Allgemein

  • Dieses Quiz wurde 177 mal gespielt
    (126 seit der letzten Aktualisierung)
  • Das Durchschnittsergebnis liegt bei 7 aus 16

Antwortstatistiken

FrageAntwort% Korrekt
Ich bin ein Harry-Potter-Band....und der silberne Sessel
89%
Meine Quersumme ist 20.527.421
72%
Ich bin grün.Fuchur
61%
Ich bin eine Zutat aus "Backe, backe Kuchen".Zimt
59%
Ich bin ein Teil des menschlichen Körpers.Chordale
56%
Ich war bei der Fußball-WM 2006 ein Austragungsort.Karlsruhe
50%
Ich bin ein Gas.Barium
41%
Ich bin eine Stadt am Rhein.Bern
39%
Ich bin ein Berliner.Vicco von Bülow (Loriot)
31%
Ich trage eine rote Hose.Super Mario
30%
Ich war mal deutscher Bundespräsident.Carl Friedrich von Weizsäcker
29%
Ich bin ein Roman von John Grisham.Die Zeugen
29%
Ich habe mindestens dreimal geheiratet.Uschi Glas
27%
Ich bin ein Musikinstrument.Pudu
23%
Ich habe mich schonmal für den "Playboy" ausgezogen.Jeanette Biedermann
18%
Ich habe bei den Olympischen Spielen Gold gewonnen.Franziska van Almsick
17%

Verteilung der Resultate

Perzentil nach korrekt beantworteten Fragen

Anzahl Personen mit jedem Resultat

Ihre Resultats-Entwicklung

Sie haben dieses Quiz seit der letzten Aktualisierung nicht gespielt